Ismerd meg a BASIC nyelvjárásait ZX SPECTRUM TI - 99/4A. PROPER - 16/A

Salvato in:
Dettagli Bibliografici
Autore principale: Köhegyi, János
Natura: Libro
Lingua:ungherese
Pubblicazione: Budapest Műszaki könyvkiadó 1985
Tags: Aggiungi Tag
Nessun Tag, puoi essere il primo ad aggiungerne!!

MARC

LEADER 00000nam a2200000 4500
001 c038992
005 20260105123220.8
041 0 |a hun 
044 |a HU 
245 1 0 |a Ismerd meg a BASIC nyelvjárásait ZX SPECTRUM  |b TI - 99/4A. PROPER - 16/A  |c János Köhegyi 
264 1 |a Budapest  |b Műszaki könyvkiadó  |c 1985 
300 |a 185 s. 
100 1 |a Köhegyi, János